| Tag |
First Indicator |
Second Indicator |
Subfields |
| LEADER |
00000cam a2200000K 4500 |
| 001 |
in00000152313 |
| 005 |
20220103135130.0 |
| 008 |
791120s1969 txua m 000 0 eng d |
| 035 |
|
|
|a (OCoLC)5715989
|
| 035 |
|
|
|a (OCoLC)ocm05715989
|
| 040 |
|
|
|a TXA
|b eng
|c TXA
|d OCL
|d OCLCQ
|d TXA
|d OCLCO
|d OCL
|d UtOrBLW
|
| 100 |
1 |
|
|a Henry, Patrick Malcolm.
|
| 245 |
1 |
0 |
|a Methods of estimating cotton insect populations.
|
| 264 |
|
1 |
|a [College Station, Tex.],
|c 1969.
|
| 300 |
|
|
|a 71 leaves
|b illustrations
|
| 336 |
|
|
|a text
|b txt
|2 rdacontent
|
| 337 |
|
|
|a unmediated
|b n
|2 rdamedia
|
| 338 |
|
|
|a volume
|b nc
|2 rdacarrier
|
| 502 |
|
|
|b Ph. D. in Entomology
|c Texas A & M University
|
| 520 |
3 |
|
|a Fixed plot, negative binomial, and sequential sampling methods were carried out on cotton in Brazos County during 1966 and 1967 in order to compare the efficiency of the various methods. Increasing size and number of samples taken was found to result in better population estimates. Negative binomial sampling resulted in a smaller variance than did fixed plot sampling. Sequential sampling was especially useful when insect populations were either very high or very low. Making accurate population estimates was found to be different when insect populations were low.
|
| 650 |
|
4 |
|a Major entomology.
|
| 655 |
|
7 |
|a Academic theses.
|2 fast
|0 (OCoLC)fst01726453
|
| 655 |
|
7 |
|a Academic theses.
|2 lcgft
|0 http://id.loc.gov/authorities/genreForms/gf2014026039
|
| 700 |
1 |
|
|a Dahlberg, R. I.,
|e degree committee member.
|
| 700 |
1 |
|
|a Hanna, R. L.,
|e degree supervisor.
|
| 700 |
1 |
|
|a Price, Manning A.,
|e degree committee member.
|
| 700 |
1 |
|
|a Randolph, N. M.,
|e degree committee member.
|
| 700 |
1 |
|
|a Sims, Stillman A.,
|e degree committee member.
|
| 710 |
2 |
|
|a Texas A & M University,
|e degree granting institution.
|0 http://id.loc.gov/authorities/names/n80125885
|
| 856 |
4 |
1 |
|u http://proxy.library.tamu.edu/login?url=http://proquest.umi.com/pqdweb?did=758804501&sid=1&Fmt=2&clientId=2945&RQT=309&VName=PQD
|z Link to ProQuest copy
|t 0
|
| 856 |
4 |
1 |
|u https://hdl.handle.net/1969.1/DISSERTATIONS-174449
|z Link to OAKTrust copy
|t 0
|
| 948 |
|
|
|h HELD BY TXA - 0 OTHER HOLDINGS
|
| 994 |
|
|
|a Z0
|b TXA
|
| 999 |
f |
f |
|s 722cb71a-9574-3f13-96cd-5638df1009c1
|i 397ee386-9923-3083-9f39-a69644108961
|t 0
|
| 952 |
f |
f |
|p noncirc
|a Texas A&M University
|b J.J. Pickle Campus
|c High Density Repository
|s HDR
|d Remote Storage
|t 0
|e 1969 Dissertation H523
|h Other scheme
|i unmediated -- volume
|m A14840917870
|
| 952 |
f |
f |
|a Texas A&M University
|b College Station
|c Electronic Resources
|s www_evans
|d Available Online
|t 0
|e 1969 Dissertation H523
|h Other scheme
|
| 998 |
f |
f |
|a 1969 Dissertation H523
|t 0
|l Available Online
|
| 998 |
f |
f |
|a 1969 Dissertation H523
|t 0
|l Remote Storage
|